000 00881nam a2200277Ia 4500
003 GCL
008 140319s9999 xx 000 0 ara d
040 _aGCL /
_cGCL
082 0 4 _a614.7
_bع ت
100 1 _aمحمد بن عبدالمرضى عرفات
245 1 0 _aتلوث البيئة ثمن للمدنية /
_cمحمد بن عبدالمرضى عرفات
700 1 _aعلى زين العابدين
260 _aالقاهرة :
_bالمكتبة الاكاديمية ،
_c1992
300 _a394 ص ؛
_c24 سم
490 _a
650 0 4 _aالبيئة
650 0 4 _aتلوث البيئة
650 0 4 _aالفيروسات
650 0 4 _aحماية البيئة
650 0 4 _aالضوضاء
650 0 4 _aالبحار والمحيطات
650 0 4 _aالقمامة
650 0 4 _aالتلوث الاشعاعى
650 0 4 _aالغبار
942 _2ddc
_cBK
999 _c46596
_d46596